Normal view
MARC view
- Parvez Dewan
Entry Personal Name
001 - CONTROL NUMBER
- control field: 78575
003 - CONTROL NUMBER IDENTIFIER
- control field: NUST
005 - DATE AND TIME OF LATEST TRANSACTION
- control field: 20210628210221.0
008 - FIXED-LENGTH DATA ELEMENTS
- fixed length control field: 210628|| aca||aabn | a|a d
040 ## - CATALOGING SOURCE
- Original cataloging agency: NUST
- Transcribing agency: NUST
100 ## - HEADING--PERSONAL NAME
- Personal name: Parvez Dewan
670 ## - SOURCE DATA FOUND
- Source citation: Work cat.: (NUST): Parvez Dewan, The names of allah, 2003
